000 01186nam a2200313 a 4500
001 ebr10496277
003 CaPaEBR
006 m u
007 cr cn|||||||||
008 101117s2011 maua sb 001 0 eng d
010 _z 2010045906
020 _z9780262015844
020 _z9780262298599 (e-book)
040 _aCaPaEBR
_cCaPaEBR
035 _a(OCoLC)753683446
050 1 4 _aB808.9
_b.V57 2011eb
082 0 4 _a126
_222
100 1 _aVision, Gerald.
245 1 0 _aRe-emergence
_h[electronic resource] :
_blocating conscious properties in a material world /
_cGerald Vision.
260 _aCambridge, Mass. :
_bMIT Press,
_cc2011.
300 _axi, 246 p. :
_bill.
504 _aIncludes bibliographical references and index.
533 _aElectronic reproduction.
_bPalo Alto, Calif. :
_cebrary,
_d2011.
_nAvailable via World Wide Web.
_nAccess may be limited to ebrary affiliated libraries.
650 0 _aConsciousness.
650 0 _aEmergence (Philosophy)
655 7 _aElectronic books.
_2local
710 2 _aebrary, Inc.
856 4 0 _uhttp://site.ebrary.com/lib/rucke/Doc?id=10496277
_zAn electronic book accessible through the World Wide Web; click to view
999 _c230953
_d230953